Hospodářske aktuality a metodické rozhledy pro ekonomické studijní obory

Na minha lista:
Detalhes bibliográficos
Formato: Periódico
Idioma:tcheco
Publicado em: Praha Výzkumný ústav odbor. školství 1988
Tags: Adicionar Tag
Sem tags, seja o primeiro a adicionar uma tag!

MARC

LEADER 00000nas2a2200000 4500
001 s026310
005 20250730114135.4
041 0 |a cze 
044 |a CZ 
245 1 0 |a Hospodářske aktuality a metodické rozhledy pro ekonomické studijní obory 
264 1 |a Praha  |b Výzkumný ústav odbor. školství  |c 1988 
773 0 |w eu_un_cat*s120736